Jeff Bridges Oscar Nominated Roles - Statistics

General Stats
  • This quiz has been taken 15 times
  • The average score is 4 of 7
Answer Stats
Release Year Movie % Correct
2010 True Grit
100%
2009 Crazy Heart
64%
2016 Hell or High Water
64%
1971 The Last Picture Show
55%
1984 Starman
45%
2000 The Contender
45%
1974 Thunderbolt and Lightfoot
9%
No matching quizzes found
Score Distribution
Percent of People with Each Score
Percentile by Number Answered
Your Score History
You have not taken this quiz